Družstevný bytový fond Pozitívum - vlastnícky vzťah k bytu

Privatizácia družstevného bytového fondu na Slovensku. Žiadosti o prevod vlastníctva. Prieskum záujmu o prevod v jednotlivých krajoch a okresoch na Slovensku. Hodnota anuity. Plán výstavby družstevných bytov. Prevaha potreby bytov prevyšuje ponuku bytov i ponuku, ktorá ešte len má vzniknúť.

Salvato in:
Dettagli Bibliografici
Autore principale: Prelovská, M.
Altri autori: Šimúnek, I., Ovečková, J.
Natura: Capitolo di libro
Lingua:slovacco
Soggetti:
Tags: Aggiungi Tag
Nessun Tag, puoi essere il primo ad aggiungerne!!

MARC

LEADER 00000naa a2200000 4500
001 r024948
005 20221205090918.9
041 0 |a slo 
044 |a SK 
245 1 0 |a Družstevný bytový fond  |b Pozitívum - vlastnícky vzťah k bytu  |c M. Prelovská, I. Šimúnek, J. Ovečková 
520 |a Privatizácia družstevného bytového fondu na Slovensku. Žiadosti o prevod vlastníctva. Prieskum záujmu o prevod v jednotlivých krajoch a okresoch na Slovensku. Hodnota anuity. Plán výstavby družstevných bytov. Prevaha potreby bytov prevyšuje ponuku bytov i ponuku, ktorá ešte len má vzniknúť. 
610 2 0 |a byty 
610 2 0 |a privatizácia 
610 2 0 |a vlastníctvo osobné 
610 2 0 |a fond bytový 
610 2 0 |a anuita 
610 2 0 |a družstvá bytové 
610 2 0 |a Slovensko 
610 2 0 |a výstavba bytová 
100 1 |a Prelovská, M. 
700 1 |a Šimúnek, I. 
700 1 |a Ovečková, J.